<?xml version="1.0" encoding="UTF-8"?>
<record
    xmlns:xsi="http://www.w3.org/2001/XMLSchema-instance"
    xsi:schemaLocation="http://www.loc.gov/MARC21/slim http://www.loc.gov/standards/marcxml/schema/MARC21slim.xsd"
    xmlns="http://www.loc.gov/MARC21/slim">

  <leader>00606nam a22001577a 4500</leader>
  <datafield tag="999" ind1=" " ind2=" ">
    <subfield code="c">216412</subfield>
    <subfield code="d">216412</subfield>
  </datafield>
  <controlfield tag="005">20260306144651.0</controlfield>
  <controlfield tag="008">260306b           ||||| |||| 00| 0 eng d</controlfield>
  <datafield tag="040" ind1=" " ind2=" ">
    <subfield code="a">LC</subfield>
    <subfield code="c">UNZA</subfield>
    <subfield code="d">UNZA</subfield>
    <subfield code="e">RDA</subfield>
  </datafield>
  <datafield tag="099" ind1=" " ind2=" ">
    <subfield code="a">GOV. ZAM (02) 2022</subfield>
  </datafield>
  <datafield tag="110" ind1=" " ind2=" ">
    <subfield code="a">Office of the Auditor General </subfield>
  </datafield>
  <datafield tag="245" ind1=" " ind2=" ">
    <subfield code="a">Follow-up Audit report: </subfield>
    <subfield code="b">performance audit report of the rehabilitation and reintegration of prisoners in Zambia /</subfield>
    <subfield code="c">Office of the Auditor General </subfield>
  </datafield>
  <datafield tag="260" ind1=" " ind2=" ">
    <subfield code="a">Lusaka :</subfield>
    <subfield code="b">Office of the Auditor General , </subfield>
    <subfield code="c">2022.</subfield>
  </datafield>
  <datafield tag="300" ind1=" " ind2=" ">
    <subfield code="a">62 pages :</subfield>
    <subfield code="b">illustrations.</subfield>
  </datafield>
  <datafield tag="650" ind1=" " ind2=" ">
    <subfield code="a">Finance</subfield>
    <subfield code="x">Public</subfield>
    <subfield code="x">Auditing</subfield>
    <subfield code="z">Zambia.</subfield>
  </datafield>
  <datafield tag="942" ind1=" " ind2=" ">
    <subfield code="c">GOV-PUBS</subfield>
  </datafield>
  <datafield tag="952" ind1=" " ind2=" ">
    <subfield code="0">0</subfield>
    <subfield code="1">0</subfield>
    <subfield code="2">lcc</subfield>
    <subfield code="4">0</subfield>
    <subfield code="7">0</subfield>
    <subfield code="a">MAIN</subfield>
    <subfield code="b">MAIN</subfield>
    <subfield code="c">SPECIAL</subfield>
    <subfield code="d">2026-03-06</subfield>
    <subfield code="l">0</subfield>
    <subfield code="o">GOV.ZAM (02) 2022</subfield>
    <subfield code="p">33729006793884</subfield>
    <subfield code="r">2026-03-06 00:00:00</subfield>
    <subfield code="u">C.1</subfield>
    <subfield code="w">2026-03-06</subfield>
    <subfield code="y">GOV-PUBS</subfield>
  </datafield>
</record>
